| 000 | 00897nam a22002897a 4500 | ||
|---|---|---|---|
| 003 | CHAP | ||
| 005 | 20220329140623.0 | ||
| 008 | 971013s1943 r 00010 d | ||
| 010 | _a54878 | ||
| 011 | _a55850 | ||
| 035 | _a60003 | ||
| 040 | _cCHAP | ||
| 082 |
_a662.669 _bW55 |
||
| 100 | 0 | 0 |
_aWillkie, Herman Frederick. _9122148 |
| 245 | _aCarburante agrÃcola. (Food for thought) | ||
| 260 |
_aIndianapolis : _bIndiana Farm Bureau, _c1943 |
||
| 300 |
_a276 p. _b: ilus. |
||
| 590 |
_aBATCH-UPD _b10 _c20130110 _lUCH01 _h0349 |
||
| 590 |
_aBATCH-UPD _b10 _c20130110 _lUCH01 _h2356 |
||
| 590 |
_aCONVERSION _b10 _c20130109 _lUCH01 _h1330 |
||
| 650 | 1 | 4 |
_aAlcohol como combustible. _93657 |
| 650 | 1 | 4 |
_aCerales _xAlmacenamiento _xPlagas. _921332 |
| 700 | 0 |
_aKolachov, Paul John. _963655 |
|
| 901 | _aBK | ||
| 942 | _cLIBRO | ||
| 949 |
_a662.669 W55 _bBC _cLIBRO _d33724000130555 _eLIBRO _h25219 _i60003 _si |
||
| 999 |
_c54878 _d54878 |
||